书目信息 |
| 题名: |
电气控制与PLC应用技术
|
|
| 作者: | 梅丽凤 主编 | |
| 分册: | ||
| 出版信息: | 北京 机械工业出版社 2012 |
|
| 页数: | 323页 | |
| 开本: | 26cm | |
| 丛书名: | ||
| 单 册: | ||
| 中图分类: | TM571.2 , TM571.61 | |
| 科图分类: | ||
| 主题词: | 电气控制--高等学校--教材 , PLC技术--高等学校--教材 , PLC技术 , 电气控制 | |
| 电子资源: | ||
| ISBN: | 978-7-111-36785-7 | |
| 000 | 01044nam0 2200277 450 | |
| 001 | 139904 | |
| 005 | 20140913165542.71 | |
| 010 | @a978-7-111-36785-7@dCNY 39.80 | |
| 100 | @a20120510d2012 em y0chiy50 ea | |
| 101 | 0 | @achi |
| 102 | @aCN@b110000 | |
| 105 | @aa z 000yy | |
| 200 | 1 | @a电气控制与PLC应用技术@Adian qi kong zhi yu PLC ying yong ji shu@b专著@f梅丽凤主编 |
| 210 | @a北京@c机械工业出版社@d2012 | |
| 215 | @a323页@c图@d26cm | |
| 300 | @a21世纪高等院校电气信息类系列教材 | |
| 330 | @a本书在介绍低压电器、电气控制典型电路的设计与分析的基础上,系统地介绍了西门子公司S7-200系列PLC的系统结构、工作原理和设计方法,结合大量实例详细介绍了S7-200PLC的基本指令、功能指令和功能模块的用法,并介绍了PLC的网络与通信、PLC控制系统的设计方法等内容。 | |
| 606 | 0 | @a电气控制@x高等学校@j教材 |
| 606 | 0 | @aPLC技术@x高等学校@j教材 |
| 606 | 0 | @aPLC技术 |
| 606 | 0 | @a电气控制 |
| 690 | @aTM571.2@v5 | |
| 690 | @aTM571.61@v5 | |
| 701 | 0 | @a梅丽凤@Amei li feng@f(1959 )@4主编 |
| 801 | 0 | @aCN@bZL@c20140913 |
| 905 | @a241430@dTM571.2@eM435 | |
| 电气控制与PLC应用技术/梅丽凤主编.-北京:机械工业出版社,2012 |
| 323页:图;26cm |
| 21世纪高等院校电气信息类系列教材 |
| ISBN 978-7-111-36785-7:CNY 39.80 |
| 本书在介绍低压电器、电气控制典型电路的设计与分析的基础上,系统地介绍了西门子公司S7-200系列PLC的系统结构、工作原理和设计方法,结合大量实例详细介绍了S7-200PLC的基本指令、功能指令和功能模块的用法,并介绍了PLC的网络与通信、PLC控制系统的设计方法等内容。 |
| ● |
| 相关链接 |
|
|
|
正题名:电气控制与PLC应用技术
索取号:TM571.2/M435
 
预约/预借
| 序号 | 登录号 | 条形码 | 馆藏地/架位号 | 状态 | 备注 |
| 1 | 0832496 | 208324963 | 自科库301/301自科库 13排2列1层/ [索取号:TM571.2/M435] | 在馆 | |
| 2 | 0832497 | 208324972 | 自科库301/301自科库 13排2列1层/ [索取号:TM571.2/M435] | 在馆 | |
| 3 | 0832498 | 208324981 | 自科库301/301自科库 13排2列1层/ [索取号:TM571.2/M435] | 在馆 |